Nietzsche: Dieu est mort - Lequel? (Record no. 552138)

000 -CABECERA
Campo de control de longitud fija 00442nab a2200145Ia 4500
003 - IDENTIFICADOR DEL NÚMERO DE CONTROL
Campo de control ES-SlBCS
005 - FECHA Y HORA DE LA ÚLTIMA TRANSACCIÓN
Campo de control 20230412143310.0
008 - CÓDIGOS DE INFORMACIÓN DE LONGITUD FIJA
Campo de control de longitud fija 140529s1984 xxu||||| |||| 00| 0 fre d
041 ## - CÓDIGO DE LENGUA
Código de lengua del texto/banda sonora o título independiente fre
100 1# - PUNTO DE ACCESO PRINCIPAL-NOMBRE DE PERSONA
Nombre de persona Joós, Ernest
9 (RLIN) 56334
245 00 - MENCIÓN DE TÍTULO
Título Nietzsche: Dieu est mort - Lequel?
Mención de responsabilidad, etc. Ernest Joós
600 10 - PUNTO DE ACCESO ADICIONAL DE MATERIA-NOMBRE DE PERSONA
Nombre personal Nietzsche, Friedrich
Fechas asociadas con el nombre 1844-1900
9 (RLIN) 8051
773 0# - ENLACE AL DOCUMENTO FUENTE
Título Presença Filosofica
Parte(s) relacionada(s) vol. 10, nº. 3-4, 1984, págs. 277-285
Número de control del registro relacionado Rev966
942 ## - ENTRADA DE ELEMENTOS AGREGADOS (KOHA)
Koha [por defecto] tipo de item Artículos de revista
Holdings
Suprimido Perdido Estropeado No para préstamo Localización permanente Localización actual Localización en estantería Fecha adquisición Préstamos totales Fecha última consulta Fecha del precio de reemplazo Tipo de item de Koha
        San Esteban San Esteban Depósito de revistas 11/07/2014   11/07/2014 11/07/2014 Artículos de revista

Bibliotecas Dominicos Provincia Hispania, 2016

Con tecnología Koha